[Event "Moscow op (Women) 17th"]
[Site "Moscow"]
[Date "2021.02.21"]
[Round "2"]
[White "Bondareva, Daria"]
[Black "Kovanova, Baira"]
[Result "0-1"]
[WhiteElo "2066"]
[BlackElo "2325"]
[PlyCount "120"]
[EventDate "2021.02.20"]
[EventType "swiss"]
[EventRounds "9"]
[EventCountry "RUS"]
[SourceTitle "CBM 200 Extra"]
[Source "ChessBase"]
[SourceDate "2021.03.31"]
[SourceVersion "1"]
[SourceVersionDate "2021.03.31"]
[SourceQuality "1"]

1. e4 e5 2. Nf3 Nc6 3. d4 exd4 4. Bc4 Nf6 5. e5 d5 6. Bb5 Ne4 7. Nxd4 Bd7 8. Bxc6 bxc6 9. 0-0 Bc5 10. Be3 Qe7 11. f4 Bb6 12. c3 0-0 13. Nd2 c5 14. N4f3 Rad8 15. Nxe4 dxe4 16. Nd2 Bb5 17. Re1 Bd3 18. Qa4 f5 19. Nb3 c4 20. Bxb6 axb6 21. Nd4 g5 22. Qc6 Rde8 23. Qd5+ Kh8 24. e6 c5 25. Qe5+ Qg7 26. Qxg7+ Kxg7 27. Ne2 h6 28. Kf2 Rxe6 29. Ke3 Rd6 30. Rad1 Rfd8 31. Ng3 Kg6 32. Rd2 b5 33. Rf2 Rd5 34. a3 Ra8 35. Rd1 Rb8 36. Ra1 g4 37. Rd2 h5 38. Ne2 h4 39. Nc1 h3 40. g3 b4 41. axb4 cxb4 42. Ra6+ Kh5 43. Na2 b3 44. Nc1 Rdd8 45. Ne2 Ra8 46. Rf6 Rf8 47. Rxf8 Rxf8 48. Nd4 Kg6 49. Nb5 Ra8 50. Na3 Kf6 51. Nb5 Ra1 52. Nd4 Rb1 53. Kf2 Bc2 54. Nc6 Rxb2 55. Rd6+ Kf7 56. Ke3 Ra2 57. Kd4 b2 58. Ke5 b1Q 59. Rd7+ Kf8 60. Kf6 Qb6 0-1

[Event "Moscow op (Women) 16th"]
[Site "Moscow"]
[Date "2020.01.29"]
[Round "5"]
[White "Lesnykh, Zhanna"]
[Black "Bondareva, Daria"]
[Result "0-1"]
[WhiteElo "1651"]
[BlackElo "2040"]
[PlyCount "64"]
[EventDate "2020.01.25"]
[EventType "swiss"]
[EventRounds "9"]
[EventCountry "RUS"]
[SourceTitle "CBM 194 Extra"]
[Source "ChessBase"]
[SourceDate "2020.03.31"]
[SourceVersion "1"]
[SourceVersionDate "2020.03.31"]
[SourceQuality "1"]

1. e4 e5 2. Nf3 d6 3. d4 Nf6 4. Nc3 exd4 5. Nxd4 Be7 6. Bf4 0-0 7. Qd2 Nc6 8. 0-0-0 Nxd4 9. Qxd4 Be6 10. f3 Nd7 11. Qd2 f5 12. exf5 Rxf5 13. Kb1 Qf8 14. Qe3 Qf7 15. Re1 Nc5 16. Bg3 Bg5 17. Qf2 Bf6 18. Nb5 Bxa2+ 19. Kc1 Na4 20. c3 Bc4 21. Nd4 Ra5 22. Kb1 Bxf1 23. Rhxf1 Nc5 24. Rd1 Bxd4 25. Rxd4 Qf5+ 26. Kc1 Nb3+ 27. Kd1 Ra1+ 28. Ke2 Re8+ 29. Re4 Rxe4+ 30. fxe4 Qxe4+ 31. Qe3 Qxe3+ 32. Kxe3 Rxf1 0-1

[Event "Chigorin Memorial 27th"]
[Site "St Petersburg"]
[Date "2019.10.10"]
[Round "6"]
[White "Bondareva, Daria"]
[Black "Ilyasli, Ughur"]
[Result "0-1"]
[WhiteElo "2012"]
[BlackElo "2243"]
[PlyCount "35"]
[EventDate "2019.10.05"]
[EventType "swiss"]
[EventRounds "9"]
[EventCountry "RUS"]
[SourceTitle "EXT 2020"]
[Source "ChessBase"]
[SourceDate "2019.10.17"]
[SourceVersion "1"]
[SourceVersionDate "2019.10.17"]
[SourceQuality "1"]

1. Nf3 Nf6 2. g3 g6 3. b3 Bg7 4. Bb2 0-0 5. Bg2 d5 6. 0-0 c5 7. Re1 Nc6 8. Ne5 Qd6 9. Nxc6 bxc6 10. Nc3 h5 11. Na4 h4 12. e4 dxe4 13. Bxe4 hxg3 14. hxg3 Nxe4 15. Rxe4 f5 16. Rh4 f4 17. Qf3 fxg3 18. Qxg3 0-1

[Event "Chigorin Memorial 27th"]
[Site "St Petersburg"]
[Date "2019.10.07"]
[Round "3"]
[White "Gomes, Mary Ann"]
[Black "Bondareva, Daria"]
[Result "1-0"]
[WhiteElo "2268"]
[BlackElo "2012"]
[PlyCount "91"]
[EventDate "2019.10.05"]
[EventType "swiss"]
[EventRounds "9"]
[EventCountry "RUS"]
[SourceTitle "EXT 2020"]
[Source "ChessBase"]
[SourceDate "2019.10.17"]
[SourceVersion "1"]
[SourceVersionDate "2019.10.17"]
[SourceQuality "1"]

1. Nf3 Nf6 2. g3 e6 3. Bg2 Be7 4. b3 0-0 5. Bb2 d5 6. c4 c5 7. 0-0 Nc6 8. e3 b6 9. Nc3 Bb7 10. d3 Qc7 11. Qe2 Rad8 12. Rfd1 Rfe8 13. Rac1 Qb8 14. d4 cxd4 15. exd4 Bb4 16. Ne5 Bd6 17. Nb5 Na5 18. Nxd6 Qxd6 19. c5 bxc5 20. dxc5 Ba6 21. Qe1 Qc7 22. c6 Rd6 23. Nd7 Nxc6 24. Nxf6+ gxf6 25. Rxd5 Rc8 26. Rdc5 Qd7 27. Bxf6 Ne7 28. Rxc8+ Nxc8 29. h4 Ne7 30. Be5 Rd2 31. Qe3 Re2 32. Qg5+ Ng6 33. Bf6 Qd2 34. Qxd2 Rxd2 35. Rc7 h5 36. Rxa7 Be2 37. Ra8+ Kh7 38. Be4 Rd1+ 39. Kh2 Kh6 40. Ra7 Kh7 41. Rxf7+ Kg8 42. Rg7+ Kf8 43. Rxg6 Kf7 44. Be5 Re1 45. Rg7+ Kf8 46. Ra7 1-0

[Event "Chigorin Memorial 27th"]
[Site "St Petersburg"]
[Date "2019.10.06"]
[Round "2"]
[White "Bondareva, Daria"]
[Black "Lekhtonen, Yaroslav"]
[Result "1-0"]
[WhiteElo "2012"]
[BlackElo "1716"]
[PlyCount "61"]
[EventDate "2019.10.05"]
[EventType "swiss"]
[EventRounds "9"]
[EventCountry "RUS"]
[SourceTitle "EXT 2020"]
[Source "ChessBase"]
[SourceDate "2019.10.17"]
[SourceVersion "1"]
[SourceVersionDate "2019.10.17"]
[SourceQuality "1"]

1. e4 e6 2. d4 d5 3. Nd2 c5 4. dxc5 Bxc5 5. Bd3 Nc6 6. Ngf3 Nf6 7. Qe2 0-0 8. c3 Qc7 9. 0-0 b6 10. e5 Ng4 11. Bxh7+ Kxh7 12. Ng5+ Kg8 13. Qxg4 Qxe5 14. Ngf3 Qf6 15. Nb3 e5 16. Qh5 Bd6 17. Rd1 Ne7 18. h3 Qf5 19. Qh4 Bb7 20. Nh2 Rad8 21. Nf1 Ng6 22. Qa4 Bb8 23. Ng3 Qe6 24. Re1 Qc8 25. Nd2 Nf4 26. Ndf1 d4 27. Bxf4 exf4 28. Ne4 f3 29. Nfg3 fxg2 30. Ng5 dxc3 31. Qh4 1-0

[Event "Chigorin Memorial 27th"]
[Site "St Petersburg"]
[Date "2019.10.05"]
[Round "1"]
[White "Burmakin, Vladimir"]
[Black "Bondareva, Daria"]
[Result "1-0"]
[WhiteElo "2496"]
[BlackElo "2012"]
[PlyCount "77"]
[EventDate "2019.10.05"]
[EventType "swiss"]
[EventRounds "9"]
[EventCountry "RUS"]
[SourceTitle "EXT 2020"]
[Source "ChessBase"]
[SourceDate "2019.10.17"]
[SourceVersion "1"]
[SourceVersionDate "2019.10.17"]
[SourceQuality "1"]

1. Nf3 Nf6 2. g3 e6 3. Bg2 Be7 4. c4 d5 5. d4 0-0 6. Qc2 dxc4 7. Qxc4 a6 8. Qc2 Nc6 9. 0-0 Nb4 10. Qd1 c5 11. a3 Nbd5 12. dxc5 Qc7 13. Bd2 Bxc5 14. Nc3 Nxc3 15. Bxc3 Ne4 16. Bd4 Bxd4 17. Qxd4 Nf6 18. Rac1 Qe7 19. Rfd1 b5 20. Qe5 Bd7 21. Nd4 Rab8 22. Nf5 Qd8 23. Nxg7 Kxg7 24. Rc7 Kg8 25. Rd4 h5 26. Qg5+ Kh7 27. Rcxd7 Qxd7 28. Qxf6 Qxd4 29. Qxd4 Kg6 30. Qe5 Rb6 31. Qc5 Rfb8 32. h4 f6 33. Be4+ f5 34. Bf3 b4 35. Qe7 bxa3 36. Qg5+ Kh7 37. Qxh5+ Kg7 38. Qg5+ Kh7 39. bxa3 1-0

[Event "EU-ch U14 Girls"]
[Site "Bratislava"]
[Date "2019.08.03"]
[Round "2"]
[White "Kiousi, Panagiota"]
[Black "Bondareva, Daria"]
[Result "1/2-1/2"]
[WhiteElo "1806"]
[BlackElo "1998"]
[PlyCount "86"]
[EventDate "2019.08.02"]
[EventType "swiss"]
[EventRounds "9"]
[EventCountry "SVK"]
[SourceTitle "EXT 2020"]
[Source "ChessBase"]
[SourceDate "2019.10.17"]
[SourceVersion "1"]
[SourceVersionDate "2019.10.17"]
[SourceQuality "1"]

1. d4 Nf6 2. c4 e6 3. Nf3 b6 4. g3 Bb7 5. Bg2 Bb4+ 6. Bd2 a5 7. 0-0 Bxd2 8. Qxd2 0-0 9. Nc3 Ne4 10. Nxe4 Bxe4 11. Qf4 f5 12. Rfd1 Na6 13. d5 exd5 14. cxd5 Bxf3 15. Bxf3 d6 16. a3 Nc5 17. b4 Nd7 18. Rac1 Ne5 19. Rc3 axb4 20. Qxb4 Nd7 21. e4 fxe4 22. Bxe4 Nc5 23. Qb1 h6 24. Bf5 Kh8 25. g4 Ra4 26. Qc1 Qh4 27. Qc2 Qg5 28. Re1 Rf4 29. Rg3 Rd4 30. Qe2 Rxd5 31. Qe7 Qxe7 32. Rxe7 Na6 33. Bd3 Nc5 34. Bf5 Na6 35. Bd3 Nc5 36. Bf5 Na6 37. Bd3 b5 38. Kg2 c6 39. Rge3 Re5 40. R3xe5 dxe5 41. Rxe5 Kg8 42. Bf5 Kf7 43. h4 g6 1/2-1/2

[Event "RUS-chT blitz (Women)"]
[Site "Sochi"]
[Date "2018.10.10"]
[Round "11.2"]
[White "Khlichkova, Tatiana"]
[Black "Bondareva, Daria"]
[Result "1-0"]
[WhiteElo "2270"]
[BlackElo "1979"]
[PlyCount "81"]
[EventDate "2018.10.10"]
[EventType "team-swiss (blitz)"]
[EventRounds "13"]
[EventCountry "RUS"]
[SourceTitle "CBM 186 Extra"]
[Source "ChessBase"]
[SourceDate "2018.08.24"]
[SourceVersion "1"]
[SourceVersionDate "2018.08.24"]
[SourceQuality "1"]
[WhiteTeam "Leningrad RSFSh (W)"]
[BlackTeam "Karpov Chess School (W) II"]
[WhiteTeamCountry "RUS"]
[BlackTeamCountry "RUS"]

1. d4 Nf6 2. c4 e6 3. g3 d5 4. Nf3 dxc4 5. Bg2 c6 6. Ne5 Be7 7. 0-0 0-0 8. Nxc4 Nbd7 9. Nc3 Nb6 10. Ne5 c5 11. dxc5 Bxc5 12. Bg5 Be7 13. Qb3 Qc7 14. Nd3 Qc4 15. Qxc4 Nxc4 16. b3 Nd6 17. Rac1 Bd7 18. Ne5 Rfd8 19. Rfd1 Rac8 20. Rd3 Bc6 21. Nxc6 bxc6 22. Rcd1 Nb7 23. Ne4 Nd5 24. Bxe7 Nxe7 25. Rd7 Ng6 26. Nc3 Rxd7 27. Rxd7 Nc5 28. Rxa7 h6 29. h4 Nf8 30. b4 Ncd7 31. Ne4 c5 32. bxc5 Nxc5 33. Nxc5 Rxc5 34. a4 Rc1+ 35. Kh2 Rc2 36. Bf3 g6 37. a5 e5 38. Re7 f6 39. a6 Ra2 40. a7 e4 41. Bxe4 1-0

[Event "RUS-chT rapid (Women)"]
[Site "Sochi"]
[Date "2018.10.08"]
[Round "1.4"]
[White "Wagner, Dinara"]
[Black "Bondareva, Daria"]
[Result "1-0"]
[WhiteElo "2340"]
[BlackElo "1979"]
[PlyCount "93"]
[EventDate "2018.10.08"]
[EventType "team-tourn (rapid)"]
[EventRounds "9"]
[EventCountry "RUS"]
[SourceTitle "CBM 186 Extra"]
[Source "ChessBase"]
[SourceDate "2018.08.24"]
[SourceVersion "1"]
[SourceVersionDate "2018.08.24"]
[SourceQuality "1"]
[WhiteTeam "Moscow Legacy Square (W)"]
[BlackTeam "Karpov Chess School (W) II"]
[WhiteTeamCountry "RUS"]
[BlackTeamCountry "RUS"]

1. Nf3 Nf6 2. c4 e6 3. g3 d5 4. Bg2 dxc4 5. Qa4+ c6 6. Qxc4 b5 7. Qc2 Bb7 8. a4 a6 9. Nc3 Bd6 10. 0-0 0-0 11. d4 Nbd7 12. Rd1 Qc7 13. e4 e5 14. Bg5 h6 15. dxe5 Bxe5 16. Nxe5 Qxe5 17. Bf4 Qe6 18. Rd6 Qe7 19. Rad1 Ne5 20. b3 Ne8 21. R6d2 f6 22. h3 Nc7 23. Ne2 Rad8 24. axb5 cxb5 25. Nd4 Ne6 26. Nf5 Qf7 27. Rxd8 Rxd8 28. Rxd8+ Nxd8 29. Bxh6 Ne6 30. Bxg7 Kh7 31. Bh6 Qd7 32. Be3 Qd3 33. Qxd3 Nxd3 34. f3 Ndc5 35. b4 Nd3 36. Bd2 Ne5 37. Bc3 Kg6 38. f4 Nc4 39. Ne7+ Kf7 40. Nd5 Bxd5 41. exd5 Nd8 42. Kf2 Nb7 43. g4 Nbd6 44. h4 Nb6 45. Bd4 Na4 46. h5 f5 47. g5 1-0

[Event "EU-ch U14 Girls 28th"]
[Site "Riga"]
[Date "2018.08.21"]
[Round "2"]
[White "Bondareva, Daria"]
[Black "Kroliczek, Gabriela"]
[Result "1-0"]
[WhiteElo "1922"]
[BlackElo "1758"]
[PlyCount "63"]
[EventDate "2018.08.20"]
[EventType "swiss"]
[EventRounds "9"]
[EventCountry "LAT"]
[SourceTitle "CBM 186 Extra"]
[Source "ChessBase"]
[SourceDate "2018.08.24"]
[SourceVersion "1"]
[SourceVersionDate "2018.08.24"]
[SourceQuality "1"]

1. d4 Nf6 2. Nf3 e6 3. e3 b6 4. Bd3 Bb7 5. 0-0 Be7 6. Nbd2 d5 7. Re1 0-0 8. e4 c5 9. e5 Nfd7 10. c3 Nc6 11. Nf1 Bc8 12. Qa4 Ncb8 13. b4 Re8 14. Bf4 c4 15. Bb1 g5 16. Bg3 h5 17. Qd1 g4 18. N3d2 f5 19. exf6 Nxf6 20. Qc2 Bf8 21. Bh4 Nbd7 22. Ng3 e5 23. Qg6+ Bg7 24. Nxh5 Qe7 25. Bxf6 Nxf6 26. Nxf6+ Qxf6 27. Qxe8+ Bf8 28. Rxe5 Bb7 29. Qh5 Bh6 30. Qxg4+ Kh8 31. Re6 Qf8 32. Qg6 1-0

[Event "Moscow op-B (Women) 14th"]
[Site "Moscow"]
[Date "2018.02.04"]
[Round "9"]
[White "Bondareva, Daria"]
[Black "Vyrtosu, Natalia"]
[Result "1/2-1/2"]
[WhiteElo "1805"]
[BlackElo "1928"]
[PlyCount "81"]
[EventDate "2018.01.27"]
[EventType "swiss"]
[EventRounds "9"]
[EventCountry "RUS"]
[SourceTitle "CBM 182 Extra"]
[Source "ChessBase"]
[SourceDate "2018.02.23"]
[SourceVersion "1"]
[SourceVersionDate "2018.02.23"]
[SourceQuality "1"]

1. e4 e6 2. d4 d5 3. Nd2 dxe4 4. Nxe4 Nf6 5. Nxf6+ Qxf6 6. Nf3 h6 7. Bd3 Bd7 8. Qe2 c5 9. Be4 Nc6 10. d5 exd5 11. Bxd5+ Be7 12. 0-0 0-0 13. c3 a6 14. Be3 Rad8 15. Rad1 Bg4 16. h3 Bd7 17. Nd2 Qg6 18. Be4 Bf5 19. Bxf5 Qxf5 20. Nb3 Rfe8 21. Rxd8 Rxd8 22. Rd1 Rxd1+ 23. Qxd1 c4 24. Nc1 Qb1 25. Qd2 Ne5 26. Kh2 Qg6 27. Qd4 Qd6 28. Kh1 Bf6 29. Qe4 Qd7 30. Bd4 b5 31. Qa8+ Kh7 32. Qe4+ Ng6 33. Ne2 Qe7 34. Qxe7 Bxe7 35. g3 Bd6 36. f4 Ne7 37. Kg2 Kg6 38. Kf3 f5 39. g4 Kf7 40. Ng3 g6 41. gxf5 1/2-1/2

[Event "Moscow op-B (Women) 14th"]
[Site "Moscow"]
[Date "2018.02.02"]
[Round "7"]
[White "Bondareva, Daria"]
[Black "Allahverdiyeva, Ayan"]
[Result "0-1"]
[WhiteElo "1805"]
[BlackElo "1958"]
[PlyCount "80"]
[EventDate "2018.01.27"]
[EventType "swiss"]
[EventRounds "9"]
[EventCountry "RUS"]
[SourceTitle "CBM 182 Extra"]
[Source "ChessBase"]
[SourceDate "2018.02.23"]
[SourceVersion "1"]
[SourceVersionDate "2018.02.23"]
[SourceQuality "1"]

1. e4 c5 2. Nf3 e6 3. d4 cxd4 4. Nxd4 Nf6 5. Nc3 d6 6. Be2 Be7 7. 0-0 0-0 8. f4 Nc6 9. Kh1 Nxd4 10. Qxd4 b6 11. Bf3 Bb7 12. Qf2 d5 13. e5 Ne4 14. Bxe4 dxe4 15. Qg3 f5 16. Be3 Bc6 17. Ne2 Qe8 18. Nd4 Bc5 19. Nb3 Bxe3 20. Qxe3 Bd5 21. Nd4 b5 22. b3 b4 23. c4 bxc3 24. Qxc3 Rc8 25. Qa5 e3 26. Qe1 Qg6 27. Rg1 e2 28. Qxe2 Rc3 29. Raf1 Rfc8 30. Nf3 Qg4 31. Qd2 Rc2 32. Qa5 h5 33. Ne1 h4 34. Qxa7 h3 35. Rf2 hxg2+ 36. Nxg2 Bxg2+ 37. Rfxg2 Rxg2 38. Rxg2 Rc1+ 39. Qg1 Rxg1+ 40. Kxg1 Qxf4 0-1

[Event "Moscow op-B (Women) 14th"]
[Site "Moscow"]
[Date "2018.01.31"]
[Round "5"]
[White "Filippova, Darya"]
[Black "Bondareva, Daria"]
[Result "1/2-1/2"]
[WhiteElo "2018"]
[BlackElo "1805"]
[PlyCount "82"]
[EventDate "2018.01.27"]
[EventType "swiss"]
[EventRounds "9"]
[EventCountry "RUS"]
[SourceTitle "CBM 182 Extra"]
[Source "ChessBase"]
[SourceDate "2018.02.23"]
[SourceVersion "1"]
[SourceVersionDate "2018.02.23"]
[SourceQuality "1"]

1. c4 e5 2. Nc3 Nf6 3. g3 c6 4. Nf3 e4 5. Nd4 Qb6 6. e3 d5 7. cxd5 cxd5 8. d3 Bb4 9. dxe4 dxe4 10. Bd2 Bg4 11. Qa4+ Nbd7 12. h3 Bf3 13. Nxf3 exf3 14. Bb5 Qa5 15. Qb3 0-0 16. a3 Bxc3 17. Bxc3 Qb6 18. Bc4 Ne4 19. Bd4 Qc7 20. Rc1 Qa5+ 21. Qb4 Qxb4+ 22. axb4 Rac8 23. b5 Nd6 24. b3 Nxb5 25. Kd2 Nxd4 26. exd4 Nf6 27. Ke3 Rcd8 28. Rhd1 Rd7 29. Rd2 Rfd8 30. Rcd1 Re7+ 31. Kxf3 Ne4 32. Re2 Ng5+ 33. Kg2 Rxe2 34. Bxe2 a6 35. Bf3 Nxf3 36. Kxf3 Kf8 37. Ke4 Ke7 38. f4 Rc8 39. Rd3 Kd6 40. h4 Re8+ 41. Kf5 Kd5 1/2-1/2

[Event "Moscow op-B (Women) 14th"]
[Site "Moscow"]
[Date "2018.01.30"]
[Round "4"]
[White "Bondareva, Daria"]
[Black "Tanygina, Yulia"]
[Result "1-0"]
[WhiteElo "1805"]
[BlackElo "1665"]
[PlyCount "89"]
[EventDate "2018.01.27"]
[EventType "swiss"]
[EventRounds "9"]
[EventCountry "RUS"]
[SourceTitle "CBM 182 Extra"]
[Source "ChessBase"]
[SourceDate "2018.02.23"]
[SourceVersion "1"]
[SourceVersionDate "2018.02.23"]
[SourceQuality "1"]

1. e4 c6 2. d4 d5 3. exd5 cxd5 4. Bd3 Nf6 5. c3 Nc6 6. Bf4 Bg4 7. Ne2 e6 8. h3 Bh5 9. Qb3 Qd7 10. Nd2 Be7 11. Ng3 0-0 12. 0-0 Rac8 13. a4 Bd6 14. Bxd6 Qxd6 15. f4 Rc7 16. Rf2 Bg6 17. Bxg6 hxg6 18. Qb5 Nd7 19. Qd3 Ne7 20. a5 Nf5 21. Nxf5 gxf5 22. g4 fxg4 23. hxg4 g6 24. Qh3 Rfc8 25. f5 Kg7 26. Rh2 Kf8 27. fxg6 Ke7 28. Qh4+ Nf6 29. Rf1 Kd7 30. Rxf6 fxg6 31. Nf3 Kc6 32. Qe1 Re7 33. Ne5+ Kb5 34. Nxg6 Ree8 35. Re2 b6 36. Rfxe6 Rxe6 37. Rxe6 Qb8 38. Qe2+ Kxa5 39. b4+ Ka4 40. Qa2+ Kb5 41. Qxd5+ Ka6 42. b5+ Ka5 43. Qa2+ Kxb5 44. Re5+ Kc6 45. Qd5+ 1-0

[Event "EU-ch U12 Girls 27th"]
[Site "Mamaia"]
[Date "2017.09.11"]
[Round "6"]
[White "Bondareva, Daria"]
[Black "Ziegenfuss, Antonia"]
[Result "1-0"]
[WhiteElo "1754"]
[BlackElo "1956"]
[PlyCount "67"]
[EventDate "2017.09.05"]
[EventType "swiss"]
[EventRounds "9"]
[EventCountry "ROU"]
[SourceTitle "EXT 2018"]
[Source "ChessBase"]
[SourceDate "2017.10.13"]
[SourceVersion "1"]
[SourceVersionDate "2017.10.13"]
[SourceQuality "1"]

1. e4 c5 2. d4 cxd4 3. c3 dxc3 4. Nxc3 Nc6 5. Nf3 d6 6. Bc4 a6 7. 0-0 Nf6 8. Qe2 Bg4 9. Rd1 e6 10. h3 Bxf3 11. Qxf3 Ne5 12. Qe2 Nxc4 13. Qxc4 Be7 14. e5 d5 15. Qe2 Nd7 16. Qg4 Nxe5 17. Qxg7 Ng6 18. Be3 Bg5 19. Bxg5 Qxg5 20. f4 Qf5 21. Rac1 0-0-0 22. g4 Rhg8 23. Qxg8 Rxg8 24. gxf5 Nxf4+ 25. Kh2 Kb8 26. fxe6 fxe6 27. Rg1 Re8 28. Rcd1 Rd8 29. Rg4 Ng6 30. h4 Ne5 31. Rg7 h5 32. Ne2 Ng4+ 33. Rxg4 hxg4 34. Kg3 1-0

[Event "EU-ch U12 Girls 27th"]
[Site "Mamaia"]
[Date "2017.09.09"]
[Round "5"]
[White "Ince, Safiye Oyku"]
[Black "Bondareva, Daria"]
[Result "1-0"]
[WhiteElo "1737"]
[BlackElo "1754"]
[PlyCount "85"]
[EventDate "2017.09.05"]
[EventType "swiss"]
[EventRounds "9"]
[EventCountry "ROU"]
[SourceTitle "CBM 180 Extra"]
[Source "ChessBase"]
[SourceDate "2017.10.06"]
[SourceVersion "1"]
[SourceVersionDate "2017.10.06"]
[SourceQuality "1"]

1. e4 e5 2. Nc3 Nf6 3. f4 d5 4. fxe5 Nxe4 5. Qf3 Nxc3 6. dxc3 Bc5 7. Qg3 g6 8. Bg5 Be7 9. Bxe7 Qxe7 10. 0-0-0 Be6 11. Nf3 Nd7 12. Nd4 0-0-0 13. Be2 Rhe8 14. Bf3 c6 15. Rhe1 Nf8 16. Qf2 Kb8 17. c4 Qc5 18. Re3 Ka8 19. cxd5 cxd5 20. Rc3 Qb6 21. Rb3 Qc5 22. Rdd3 a6 23. Qd2 Rc8 24. Ra3 Nd7 25. Qf4 Qc7 26. Re3 Qb6 27. Be2 g5 28. Qf1 Qxd4 29. Bxa6 Kb8 30. Bxb7 Qf4 31. Qa6 Rc4 32. Qa7+ Kc7 33. Bxd5+ Kd8 34. Bxc4 Bxc4 35. Qa5+ Ke7 36. Qb4+ Ke6 37. Qd6+ Kf5 38. Qxd7+ Kg6 39. Qxe8 Qf1+ 40. Kd2 Qf2+ 41. Kd1 Qg1+ 42. Re1 Qd4+ 43. Kc1 1-0

[Event "RUS-chT U14 Girls"]
[Site "Sochi"]
[Date "2017.05.01"]
[Round "1.2"]
[White "Mikhailova, Yuliya"]
[Black "Bondareva, Daria"]
[Result "1-0"]
[WhiteElo "1771"]
[BlackElo "1778"]
[PlyCount "89"]
[EventDate "2017.05.01"]
[EventType "team-tourn"]
[EventRounds "7"]
[EventCountry "RUS"]
[SourceTitle "CBM 178 Extra"]
[Source "ChessBase"]
[SourceDate "2017.06.22"]
[SourceVersion "1"]
[SourceVersionDate "2017.06.22"]
[SourceQuality "1"]

1. d4 Nf6 2. Nf3 e6 3. Bf4 b6 4. e3 Bb7 5. Bd3 Be7 6. h3 0-0 7. Nbd2 d6 8. 0-0 Nbd7 9. c3 c5 10. Qe2 Qc7 11. e4 e5 12. dxe5 dxe5 13. Bh2 Rfe8 14. Rfd1 h6 15. a4 Rad8 16. Bb5 Bf8 17. Nc4 a6 18. Nfxe5 Rxe5 19. Bxd7 Nxd7 20. Nxe5 Nxe5 21. Rxd8 Qxd8 22. Bxe5 Qe7 23. Bg3 Qxe4 24. Qxe4 Bxe4 25. Rd1 f6 26. Rd8 Kf7 27. Bd6 Bxd6 28. Rxd6 Bc2 29. Rxb6 Bxa4 30. Rxa6 Bb3 31. Ra7+ Kg8 32. f4 g5 33. fxg5 hxg5 34. Kf2 Kf8 35. g3 Kg8 36. Ke3 Be6 37. h4 gxh4 38. gxh4 f5 39. b4 cxb4 40. cxb4 Bc4 41. Kf4 Bd3 42. Ra5 Kg7 43. Rxf5 Kg6 44. Rg5+ Kh6 45. b5 1-0